| 000 | 01756cam a22002294a 4500 | ||
|---|---|---|---|
| 005 | 20250605164239.0 | ||
| 008 | 250528s ||||||||||||||||||||||||d | ||
| 035 | _a21271 | ||
| 020 | _a9789604554423 | ||
| 040 |
_aGR-AtMCL _bgre _dGR-AtMCL _eAACR2 |
||
| 245 | 1 | _aΛόγος και Κοινωνική Ψυχολογία / Πέρα από τις Στάσεις και τη Συμπεριφορά | |
| 250 | _a1η | ||
| 260 |
_bΜεταίχμιο, _c2009 |
||
| 300 | _a320 | ||
| 520 | _aΗ πρώτη συστηματική και κατανοητή εισαγωγή στη θεωρία και την εφαρμογή της ανάλυσης λόγου στο πεδίο της κοινωνικής ψυχολογίας και των συναφών της επιστημονικών κλάδων. Πρόλογος στην Ελληνική Έκδοση, Εισαγωγή, Τα Θεμέλια της Ανάλυσης Λόγου, Ξεδιπλώνοντας την Ανάλυση Λόγου, Κάνοντας τους Κανόνες να Λειτουργήσουν, Αναφορές σε Ακολουθία, Ομιλούντα Υποκείμενα, Οι Κατηγορίες στο Λόγο, Από τις Αναπαραστάσεις στα Ρεπερτόρια, Πώς Γίνεται η Ανάλυση Λόγου, Αμφιλεγόμενα Θέματα και Μελλοντικές Κατευθύνσεις, Παράρτημα, Επίμετρο στην Ελληνική Έκδοση, Βιβλιογραφία, Ευρετήριο Ονομάτων και Θεμάτων. | ||
| 700 | 1 |
_aPotter Jonathan _9248 |
|
| 700 | 1 |
_aWetherell Margaret _9249 |
|
| 700 | 1 |
_aΜποζατζής Νίκος _96915 |
|
| 942 | _cBK | ||
| 999 |
_c6336 _d6336 |
||